| 000 | 00704nam a2200217Ii 4500 | ||
|---|---|---|---|
| 003 | JO-AjNU | ||
| 008 | 230606s9999||||xx |||||||||||||| ||und|| | ||
| 020 | _a978-1-5443-3429-5 | ||
| 040 |
_aJO-AjNU _beng _erda _cJO-AjNU |
||
| 041 | _aeng | ||
| 050 | 1 | 4 | _aBF204.6.H64 2020 |
| 100 | 3 |
_aHoffman,Edward/ Compton,William C, _eauthor _96234 |
|
| 245 | 0 | 0 | _aPositive Psychology: A Workbook for Personal Growth and Well-Being |
| 250 | _a1ed | ||
| 264 | 3 | 1 | _aLos Angeles: SAGE,2020 |
| 300 |
_a128P _bIncludes bibliographical references |
||
| 336 |
_atext _btxt _2rdacontent |
||
| 337 |
_aunmediated _bn _2rdamedia |
||
| 338 |
_avolume _bnc _2rdacarrier |
||
| 650 | 4 |
_aPositive Psychology-Seif-actuation _96235 |
|
| 999 |
_aE3235 _c3231 _d3231 |
||